Football Teams Marcelo Brozović Played For - Statistics

General Stats
  • This quiz has been taken 21 times
  • The average score is 3 of 5
Answer Stats
League Years Team % Correct
Italy 2015-2023 Inter
94%
Saudi Arabia 2023- Al-Nassr FC
83%
Croatia 2012-2015 GNK Dinamo Zagreb
56%
Croatia 2011-2012 NK Lokomotiva Zagreb
39%
Croatia 2010-2011 NK Hrvatski Dragovoljac
28%
No matching quizzes found
Score Distribution
Percent of People with Each Score
Percentile by Number Answered
Your Score History
You have not taken this quiz